Science Quiz

Random Science Quiz

Jaw Muscles Quiz Stats

 Plays Quiz not verified by Sporcle

Score 0/13 Timer 08:00
0 Plays Today
location muscle % Correct
originates at zygomatic arch and spreads down to bottom of jawmasseter muscle
92.9%
originates at side of head and narrows down into cornoid process, across the templeTemporalis
85.7%
space behind the nasal cavitynasopharynx
71.4%
space behind the oral cavityoropharynx
71.4%
drippy thing hanging from the soft palateuvula
71.4%
originates near the zygomatic arch and inserts along inside of ramusInternal pterygoid
71.4%
has two bellies: posterior belly orginates at mastoid process and inserts into hyoid, anterior belly contiues from hyoid and inserts into mandibleDigastric muscle
71.4%
floor of the mouth, originates in mandible and inserts into hyoidmylohyoid
57.1%
area from the hyoid bone down to the cricoidlaryngopharynx
50%
soft palatevelum
50%
from chin to hyoidGeniohyoid
42.9%
area directly behind teeth on top of the mouthalveolar ridge
28.6%
0%

You're not logged in!

Compare scores with friends on all Sporcle quizzes.
OR
Log In

Show Comments

Extras

Created Nov 30, 2010ReportNominate
Tags:jaw, location, muscle

Top Quizzes Today


Score Distribution

Your Account Isn't Verified!

In order to create a playlist on Sporcle, you need to verify the email address you used during registration. Go to your Sporcle Settings to finish the process.

Report this User

Report this user for behavior that violates our Community Guidelines.

Details: